00397nam a22001337a 4500008004100000041000800041080001100049100000700060101000800067245004500075942001200120999001700132952011400149181015b xxu||||| |||| 00| 0 eng d aeng a159.9  a49 apsi aClinical Psychology RewievcJulie.B.S 2udccBK c49786d49786 00102ddc40708PËKGa002b002cPËKGd2018-10-15l0o159.9 JULp002-3014918r2018-10-15w2018-10-15yBK